000 00442pab a2200169 454500
008 180718b1984 xxu||||| |||| 00| 0 eng d
100 _aJain, R.B.
245 _aPlanning in the Third World: An overview of experiences in India
260 _c1984
300 _ap.535-572.
362 _aJul-Sep
650 _aPlanning
650 _aEconomic planning
773 _aIndian Journal of Public Administration
908 _aN
909 _a88660
999 _c88660
_d88660